000 00546nam a2200181Ia 4500
008 151018s9999 xx 000 0 und d
082 _bRBASDV27687
_a891.463
100 _aसंजय सोनवणी
245 _aविश्र्वनाथ
250 _b1
260 _bचंद्रमौळी
_c1991
300 _a187
600 _aसंजय सोनवणी
630 _aविश्र्वनाथ
700 _aसंजय सोनवणी
730 _aविश्र्वनाथ
942 _cBOOK
999 _c1027276
_d1027273